01243nam a2200253 a 4500001001000000005001700010041000800027044000800035084002000043100004500063245013700108260003700245300001700282500022900299500015100528500001100679546002400690650005200714650005600766650003400822650004400856700003900900740005000939BRCA_337020190320204240.0 aeng aenk a659b.M33c19001 aCervantes Saavedra, Miguel ded1547-161610aThe History of the Valorous and Witty Knight-Errant Don Quixote of la ManchacBy Miguel de Cervantes ; Translated by Thomas Shelton. aLondresbMacmillan and Co.c1900 a3 v.c23 cm. aContenido : v.1. Primera parte. Nota bibliográfica por A. W. Pollard. Prólogo de Cervantes. Versos preliminares. -- v.2. Primera parte. Texto. Segunda parte. Prólogo de Cervantes. -- v.3. Segunda parte. Texto. Glosario aReproducción bellamente impresa de la versión de Thomas Shelton, con una nota bibliográfica escrita por A. W. Pollard. Tela Lúdovik Osterc aQM1090 aTexto en : inglés14aNovela españolayÉpoca clásica, 1500-170014aLiteratura españolayÉpoca clásica, 1500-170014aNovela españolaySiglo XVII14aDon Quixote (Personaje fictico)eNovela1 aShelton, Thomasd?-1626eTraductor0 aEl Ingenioso Hidalgo Don Quijote de la Mancha